000 00638nam a2200181Ia 4500
005 20250508163411.0
008 008 250505s9999 xx 000 0 eng d
037 _aTextual
040 _aFEDL
_beng
_cFEDL
041 _aeng
_2eng
084 _a371.629, UNE
_qFEDL
245 0 _aSafety and security in educational buildings conclusions of a seminar in semmering Austria, 11-15 May 1987
260 _aBangkok, Thailand
_bUNESCO Regional Office for Education in Asia and the Pacific
_c1988
300 _aii,21p.
546 _aEducational building documents
942 _cTEXL
_h371.629, UNE
999 _c1382853
_d1382853